Proceedings of the Seventh Power Systems Computation Conference : Lausanne 12-17 July 1981.

שמור ב:
מידע ביבליוגרפי
מחבר תאגידי: Power Systems Computation Conference Lausanne, Switzerland
פורמט: Conference Proceeding ספר
שפה:English
יצא לאור: Guildford, Surrey : Westbury House, c1981.
נושאים:
LEADER 01330cam a2200301 a 4500
001 c000225515
003 CARM
005 20061114093922.0
008 810907s1981 enka 101 0 eng d
015 |a B8128964 
019 1 |a 2105464  |5 LACONCORD2021 
020 |a 0861030257 :  |c Unpriced 
035 |a (OCoLC)8870755  |5 LACONCORD2021 
040 |a BNB  |b eng  |c BNB  |d NNCU:A 
050 0 0 |a TK1005 
082 0 4 |a 621.31  |2 18 
082 0 4 |a 621.31  |2 19 
111 2 |a Power Systems Computation Conference  |n (7th :  |d 1981 :  |c Lausanne, Switzerland) 
245 1 0 |a Proceedings of the Seventh Power Systems Computation Conference :  |b Lausanne 12-17 July 1981. 
260 |a Guildford, Surrey :  |b Westbury House,  |c c1981. 
300 |a xix, 1225 p. :  |b ill. ;  |c 25 cm. 
500 |a Electricity supply systems. Planning & automatic control. Applications of computer systems. -Conference proceedings (BNB/PRECIS) 
504 |a Includes bibliographical references and index. 
650 0 |a Electric power systems  |x Planning  |x Data processing  |v Congresses. 
650 0 |a Electric power systems  |x Automation  |v Congresses. 
852 8 |b CARM  |h A2:AP33G0  |i C08409  |p 0317650  |f BK 
999 f f |i e62f97ac-b856-5995-a406-867b08c4d4cb  |s 7be79aeb-b755-57b7-81b7-d600ff7cb5ce 
952 f f |p Can circulate  |a CAVAL  |b CAVAL  |c CAVAL  |d CARM 1 Store  |e C08409  |f A2:AP33G0  |h Other scheme  |i book  |m 0317650